Matematické metódy riadenia pri neúplnej informácii : Úlohy a metódy stochastického programovania /

Na minha lista:
Detalhes bibliográficos
Autor principal: Judin, David Berkovič (Author)
Outros Autores: Hajnovič, F (Translator), Hozlár, Eduard (Translator)
Formato: Livro
Idioma:eslovaco
Publicado em: Bratislava : Alfa, 1981
Edição:1.vyd.
Assuntos:
Tags: Adicionar Tag
Sem tags, seja o primeiro a adicionar uma tag!

MARC

LEADER 00000nam a22000003a 4500
001 stu37464
005 20150617225724.1
008 920713s1981----cs------------------slo-d
040 |a STU  |b slo 
041 0 |a slo 
044 |a cs 
080 |a 519.856 
100 1 |a Judin, David Berkovič  |4 aut 
245 1 |a Matematické metódy riadenia pri neúplnej informácii :  |b Úlohy a metódy stochastického programovania /  |c [aut.]David B. Judin; Z rus. F. Hajnovič, E. Hozlár 
250 |a 1.vyd. 
260 |a Bratislava :  |b Alfa,  |c 1981 
300 |a 564 s 
650 7 |a Programovanie stochastické  |2 stusub 
700 1 |a Hajnovič, F  |4 trl 
700 1 |a Hozlár, Eduard  |4 trl 
996 |b E52266  |c E*52266  |l EE03  |s P  |a 0  |w stu37464_0002 
996 |b E48730  |c E*48730  |l EE03  |s P  |a 0  |w stu37464_0003 
996 |b E60024  |c E*60024  |l EE05  |s P  |a 0  |w stu37464_0005 
996 |b 284M045932  |c M*696-1  |l MMKN  |s A  |a 24  |w stu37464_0006 
996 |b 284M045933  |c M*696-2  |l MMKN  |s A  |a 24  |w stu37464_0007 
996 |b 284M045935  |c M*696-3  |l MMKN  |s A  |a 24  |w stu37464_0008 
996 |b 284M045937  |c M*696-4  |l MMKN  |s A  |a 24  |w stu37464_0009 
996 |b 284M045936  |c M*696-6  |l MMKN  |s A  |a 24  |w stu37464_0010 
996 |c V*20416/O-7897a  |l VV16  |s P  |a 0  |w stu37464_0011 
996 |c V*20415/O-7897  |l VV16  |s P  |a 0  |w stu37464_0012 
996 |b 284V035954  |c V*21888/O-8714  |l VVS  |s A  |a 24  |w stu37464_0013 
996 |b 284V035962  |c V*21133/O-8234  |l VVS  |s A  |a 24  |w stu37464_0015